Aventuras y memorias de Sherlock Holmes
Colección que presenta tanto los relatos de aventuras de Shelock Holmes y memorias de Sherlock Holmes, conteniendo en total veinticuatro relatos donde el famoso detective de Doyle resuelve varios casos junto a su fiel compañero el Dr. Watson. Este libro se encuentra en español.
Zapisane w:
| 1. autor: | |
|---|---|
| Format: | Książka |
| Język: | Undetermined |
| Wydane: |
Madrid, España
Aguilar
1968
|
| Hasła przedmiotowe: | |
| Etykiety: |
Dodaj etykietę
Nie ma etykietki, Dołącz pierwszą etykiete!
|
MARC
| LEADER | 00000nam a2200000Ia 4500 | ||
|---|---|---|---|
| 008 | 170316s9999 xx 000 0 und d | ||
| 040 | |a cru BVZT | ||
| 090 | |a 820 D-11a | ||
| 100 | |a Doyle, Sir Arthur Conan | ||
| 245 | |a Aventuras y memorias de Sherlock Holmes | ||
| 260 | |a Madrid, España | ||
| 260 | |b Aguilar | ||
| 260 | |c 1968 | ||
| 300 | |a 267 páginas | ||
| 520 | |a Colección que presenta tanto los relatos de aventuras de Shelock Holmes y memorias de Sherlock Holmes, conteniendo en total veinticuatro relatos donde el famoso detective de Doyle resuelve varios casos junto a su fiel compañero el Dr. Watson. Este libro se encuentra en español. | ||
| 650 | |a LITERATURA INGLESA |9 12 | ||
| 999 | |c 6824 |d 6824 | ||
| 942 | |c 15 D |h 820 D-11a |2 z | ||
